000 00846cam a2200205 4500
001 ABS62264
008 000000n2000 000 0 eng u
035 _a(Sirsi) u105912
245 _aGoing forward with TEGoVA
260 _c2000
490 _aIRRV Insight
_vApril 2000, 16(1)
520 _aIntroduces TEGoVA, the European Group of Valuers Associations, and its recently launched system of pan-European certification which will promote the application of TEGoVA's European valuation standards. The certification is intended to add to not replace professional qualifications.
590 _aABS
650 _aVALUATION STANDARDS
650 _aEUROPE
650 _aABOUT RICS-RELATED ORGANISATIONS-EUROPEAN GROUP OF VALUERS' ASSOCIATIONS
650 _aCERTIFICATION
690 _aPROPERTY-PROPERTY APPRAISAL AND VALUATION
942 _n0
999 _c63421
_d63421